[Event "Montreal Mercredi 11"]
[Site "Montreal CAN"]
[Date "2008.12.17"]
[Round "5"]
[White "Lamouche, Andre"]
[Black "Tremblay, Sigfrid"]
[Result "0-1"]
[WhiteElo "1732"]
[BlackElo "1779"]
[PlyCount "52"]
[GameId "2160767910294367"]
[EventDate "2008.11.19"]
[EventType "tourn"]
[EventRounds "5"]
[EventCountry "CAN"]
[SourceTitle "EXT 2011"]
[Source "ChessBase"]
[SourceDate "2011.11.26"]
[SourceVersion "1"]
[SourceVersionDate "2011.11.26"]
[SourceQuality "1"]

1. e4 d6 2. d4 Nf6 3. Nc3 g6 4. Be2 Bg7 5. Be3 c6 6. h3 Qa5 7. Bd3 Nbd7 8. Nf3 a6 9. O-O O-O 10. Qd2 Re8 11. Rab1 b5 12. b4 Qc7 13. Ne2 c5 14. bxc5 dxc5 15. e5 cxd4 16. Bxd4 Nd5 17. e6 fxe6 18. Bxg7 Kxg7 19. Ned4 N7f6 20. Ng5 Qd6 21. Rfe1 e5 22. Ndf3 h6 23. Ne4 Nxe4 24. Bxe4 Be6 25. Qd3 Rad8 26. Bxg6 Rf8 0-1

[Event "Montreal Mercredi 11"]
[Site "Montreal CAN"]
[Date "2008.12.17"]
[Round "5"]
[White "Luo, Zhao Yang"]
[Black "Baran, Marius"]
[Result "1/2-1/2"]
[WhiteElo "1651"]
[BlackElo "1684"]
[PlyCount "70"]
[GameId "2160767910294368"]
[EventDate "2008.11.19"]
[EventType "tourn"]
[EventRounds "5"]
[EventCountry "CAN"]

1. d4 d5 2. c4 e6 3. Nf3 Nf6 4. Bg5 Nbd7 5. Nc3 c6 6. e3 Qa5 7. Bxf6 Nxf6 8. c5 Ne4 9. Qc2 b6 10. Bd3 Nxc3 11. Qxc3 Qxc3+ 12. bxc3 bxc5 13. Ne5 Bd6 14. Nxc6 Bd7 15. dxc5 Bxc5 16. Ne5 Ke7 17. Nxd7 Kxd7 18. Rb1 Bb6 19. O-O Rhc8 20. Rfc1 Rc5 21. Rc2 Rac8 22. Rbc1 Ra5 23. c4 Ra3 24. Be2 Rc5 25. cxd5 Rxd5 26. Bc4 Rd6 27. Bb3 Ra5 28. Rc4 Ke7 29. Rh4 Re5 30. Kf1 Rd2 31. Rc2 Rxc2 32. Bxc2 h6 33. Rg4 g6 34. Ke2 Rd5 35. Bb3 Rd6 1/2-1/2

[Event "Montreal Mercredi 11"]
[Site "Montreal CAN"]
[Date "2008.12.17"]
[Round "5"]
[White "Marquis, Gerald"]
[Black "Monga, Alain"]
[Result "1-0"]
[WhiteElo "1542"]
[BlackElo "1611"]
[PlyCount "73"]
[GameId "2160767910294369"]
[EventDate "2008.11.19"]
[EventType "tourn"]
[EventRounds "5"]
[EventCountry "CAN"]
[SourceTitle "EXT 2011"]
[Source "ChessBase"]
[SourceDate "2011.11.26"]
[SourceVersion "1"]
[SourceVersionDate "2011.11.26"]
[SourceQuality "1"]

1. e4 c6 2. Nc3 d5 3. Nf3 dxe4 4. Nxe4 Nd7 5. d4 Ngf6 6. Ng3 Qc7 7. c3 c5 8. Bc4 e6 9. Qe2 Nb6 10. Bb5+ Bd7 11. Ne5 cxd4 12. Bf4 Bd6 13. cxd4 Bb4+ 14. Kf1 Nbd5 15. Nxd7 Qxf4 16. Nxf6+ Kd8 17. Nxd5 exd5 18. Qe5 Qxe5 19. dxe5 Kc7 20. Rd1 Rad8 21. Nf5 g6 22. a3 Bf8 23. Nd4 Bg7 24. f4 Kb6 25. Ba4 g5 26. g3 gxf4 27. gxf4 Bh6 28. f5 Ka5 29. Bb3 Bg7 30. f6 Bh6 31. e6 fxe6 32. Nxe6 Rd6 33. Rxd5+ Rxd5 34. Bxd5 b5 35. Ke2 b4 36. axb4+ Kxb4 37. f7 1-0

[Event "Montreal Mercredi 11"]
[Site "Montreal CAN"]
[Date "2008.12.17"]
[Round "5"]
[White "Morin, Louis"]
[Black "Poschmann, Jeremie"]
[Result "1-0"]
[WhiteElo "1896"]
[BlackElo "1889"]
[PlyCount "59"]
[GameId "2160767910294370"]
[EventDate "2008.11.19"]
[EventType "tourn"]
[EventRounds "5"]
[EventCountry "CAN"]
[SourceTitle "EXT 2011"]
[Source "ChessBase"]
[SourceDate "2011.11.26"]
[SourceVersion "1"]
[SourceVersionDate "2011.11.26"]
[SourceQuality "1"]

1. e4 e6 2. d4 d5 3. e5 c5 4. Qg4 cxd4 5. Nf3 Nc6 6. Bd3 Qc7 7. Qg3 f5 8. O-O Bd7 9. Nbd2 O-O-O 10. Nb3 h6 11. Nbxd4 Nge7 12. Nb5 Qb6 13. Nd6+ Kb8 14. Nf7 Rg8 15. Nxd8 Qxd8 16. h4 Qe8 17. Re1 Nb4 18. Nd4 Nxd3 19. cxd3 g5 20. hxg5 hxg5 21. Bxg5 Qh5 22. f4 Ng6 23. Nf3 Bb4 24. Rec1 Bb5 25. d4 Be2 26. Kf2 Nxf4 27. Qxf4 Bxf3 28. gxf3 Rxg5 29. Rh1 Qg6 30. Rag1 1-0

[Event "Montreal Mercredi 11"]
[Site "Montreal CAN"]
[Date "2008.12.17"]
[Round "5"]
[White "Savard, Alain"]
[Black "Crezegut, Anthony"]
[Result "1/2-1/2"]
[WhiteElo "1756"]
[BlackElo "1843"]
[PlyCount "42"]
[GameId "2160767910294371"]
[EventDate "2008.11.19"]
[EventType "tourn"]
[EventRounds "5"]
[EventCountry "CAN"]
[SourceTitle "EXT 2011"]
[Source "ChessBase"]
[SourceDate "2011.11.26"]
[SourceVersion "1"]
[SourceVersionDate "2011.11.26"]
[SourceQuality "1"]

1. e4 d5 2. exd5 Qxd5 3. Nc3 Qd6 4. Nf3 Nf6 5. Bc4 a6 6. d3 Nc6 7. Qe2 Bg4 8. Ne4 Nxe4 9. Qxe4 Bxf3 10. Qxf3 Qf6 11. Qxf6 gxf6 12. Be3 e6 13. d4 O-O-O 14. O-O-O h5 15. Rhe1 Bh6 16. Bxh6 Rxh6 17. d5 Na5 18. Be2 Rxd5 19. Rxd5 exd5 20. Bf3 c6 21. Re7 Rh7 1/2-1/2

[Event "Montreal op"]
[Site "Montreal CAN"]
[Date "2008.09.12"]
[Round "1"]
[White "Barbeau, Sylvain"]
[Black "Le Duin, Thierry"]
[Result "1/2-1/2"]
[WhiteElo "2364"]
[BlackElo "2013"]
[PlyCount "87"]
[GameId "2160767910319713"]
[EventDate "2008.09.12"]
[EventType "swiss"]
[EventRounds "5"]
[EventCountry "CAN"]
[SourceTitle "FQE 04"]

1. e4 d5 2. exd5 Nf6 3. Bb5+ Bd7 4. Be2 Nxd5 5. d4 Bf5 6. Nf3 e6 7. O-O Be7 8. c4 Nb6 9. Nc3 O-O 10. Be3 Bf6 11. Qd2 Nc6 12. Rad1 Qe7 13. c5 Nd5 14. Nxd5 exd5 15. Rfe1 a6 16. Bf4 Qd8 17. Ne5 Nb8 18. Bf3 c6 19. Ng4 Be7 20. Rxe7 Qxe7 21. Bd6 Qd8 22. Bxf8 Kxf8 23. Qf4 Be6 24. g3 Nd7 25. h4 Qb8 26. Qd2 Bxg4 27. Bxg4 Nf6 28. Bf5 Qc7 29. Re1 Re8 30. Rxe8+ Kxe8 31. Qe3+ Kf8 32. Kg2 h6 33. b4 Kg8 34. Qe5 Qd8 35. f3 Ne8 36. Kf2 Kf8 37. a4 Kg8 38. Bh3 Kf8 39. Qf5 a5 40. Qc8 Qf6 41. Ke3 Qe7+ 42. Kd2 Qf6 43. Ke3 Qe7+ 44. Kd2 1/2-1/2

[Event "Montreal op"]
[Site "Montreal CAN"]
[Date "2008.09.12"]
[Round "1"]
[White "Fareh, Youness"]
[Black "Gauthier, Denis"]
[Result "1-0"]
[WhiteElo "2169"]
[BlackElo "1891"]
[PlyCount "65"]
[GameId "2160767910319714"]
[EventDate "2008.09.12"]
[EventType "swiss"]
[EventRounds "5"]
[EventCountry "CAN"]
[SourceTitle "FQE 04"]

1. Nf3 Nf6 2. c4 b6 3. g3 e6 4. Bg2 Bb7 5. O-O c5 6. Nc3 Be7 7. e3 O-O 8. d4 d6 9. d5 exd5 10. Nxd5 Nxd5 11. cxd5 Nd7 12. e4 a6 13. a4 Bf6 14. Qc2 Re8 15. Bd2 b5 16. axb5 axb5 17. Bc3 Qe7 18. Nd2 Bxc3 19. Qxc3 Nb6 20. f4 f5 21. Qb3 fxe4 22. Bxe4 Qd7 23. Qd3 Kh8 24. Rae1 c4 25. Qd4 Na4 26. f5 Nc5 27. f6 Re5 28. Rf4 Rae8 29. Ref1 gxf6 30. Rxf6 Qg7 31. Rf7 Qg5 32. Nf3 Nb3 33. Qxe5+ 1-0

[Event "Montreal op"]
[Site "Montreal CAN"]
[Date "2008.09.12"]
[Round "1"]
[White "Libersan, Thierry"]
[Black "Rainfray, Arnaud"]
[Result "0-1"]
[WhiteElo "2048"]
[BlackElo "2388"]
[PlyCount "60"]
[GameId "2160767910319716"]
[EventDate "2008.09.12"]
[EventType "swiss"]
[EventRounds "5"]
[EventCountry "CAN"]
[SourceTitle "FQE 04"]

1. e4 c5 2. Nf3 Nc6 3. d4 cxd4 4. Nxd4 Nf6 5. Nc3 e5 6. Ndb5 d6 7. Bg5 a6 8. Na3 b5 9. Nd5 Be7 10. Bxf6 Bxf6 11. c3 Nb8 12. Nc2 Bb7 13. a4 bxa4 14. Nce3 O-O 15. Rxa4 Nd7 16. b4 Bg5 17. Nc4 Nf6 18. Nxf6+ Qxf6 19. Nb6 Qf4 20. Nxa8 Qxe4+ 21. Be2 Qxg2 22. Rf1 Qc6 23. Ra3 Rxa8 24. c4 Qb6 25. Qa4 a5 26. b5 d5 27. cxd5 Bxd5 28. Rc3 Rd8 29. Qg4 Bd2+ 30. Kxd2 Be6+ 0-1

[Event "Montreal op"]
[Site "Montreal CAN"]
[Date "2008.09.12"]
[Round "1"]
[White "Morin, Louis"]
[Black "Ramaswamy, Kishor"]
[Result "0-1"]
[WhiteElo "1930"]
[BlackElo "2179"]
[PlyCount "98"]
[GameId "2160767910319717"]
[EventDate "2008.09.12"]
[EventType "swiss"]
[EventRounds "5"]
[EventCountry "CAN"]

1. e4 c6 2. d4 d5 3. Nc3 dxe4 4. Nxe4 Nf6 5. Bd3 Qxd4 6. Nf3 Qd8 7. Qe2 Nxe4 8. Bxe4 Bg4 9. Bd2 Nd7 10. O-O-O e6 11. Bc3 Qc7 12. Rd2 Nf6 13. Rhd1 Be7 14. Be5 Qa5 15. Kb1 O-O 16. Bc3 Qb6 17. Bd4 Qc7 18. Be5 Qa5 19. Bc3 Qb6 20. Bd4 c5 21. Be5 Rad8 22. h3 Nxe4 23. Qxe4 Bf5 24. Qa4 Rxd2 25. Rxd2 Rd8 26. Kc1 f6 27. Rd7 Rxd7 28. Qxd7 Qd8 29. Qxd8+ Bxd8 30. Bd6 b6 31. b4 cxb4 32. Nd4 b5 33. Nxf5 exf5 34. Bxb4 Bb6 35. Be1 Kf7 36. Kb2 Ke6 37. Kb3 Kd5 38. Kb4 a6 39. a4 bxa4 40. f3 a3 41. c4+ Kd4 42. Kxa3 Kxc4 43. Ka4 Kd3 44. Bb4 Ke2 45. Bf8 g6 46. Bg7 Kf2 47. g4 Kxf3 48. gxf5 gxf5 49. Bxf6 Kg2 0-1

[Event "Montreal op"]
[Site "Montreal CAN"]
[Date "2008.09.13"]
[Round "2"]
[White "Auger, Bertrand"]
[Black "Barbeau, Sylvain"]
[Result "0-1"]
[WhiteElo "2054"]
[BlackElo "2364"]
[PlyCount "62"]
[GameId "2160767910319718"]
[EventDate "2008.09.12"]
[EventType "swiss"]
[EventRounds "5"]
[EventCountry "CAN"]
[SourceTitle "FQE 04"]

1. Nf3 c5 2. c4 Nf6 3. Nc3 e6 4. g3 b6 5. Bg2 Bb7 6. O-O Be7 7. d4 cxd4 8. Qxd4 a6 9. b3 d6 10. Bb2 Nbd7 11. Rad1 O-O 12. Qd3 Qc7 13. Qb1 Rac8 14. Rd2 h6 15. Rfd1 Qb8 16. Qa1 Rfe8 17. Na4 Bc6 18. Nc3 Bf8 19. Ba3 Nc5 20. b4 Nce4 21. Rd3 Ba8 22. Nxe4 Nxe4 23. Rc1 Rc7 24. b5 Rec8 25. Nd4 Rxc4 26. Nc6 Rxc1+ 27. Bxc1 Bxc6 28. bxc6 Nc5 29. Rd1 Qc7 30. Qd4 d5 31. Qg4 f5 0-1

[Event "Montreal op"]
[Site "Montreal CAN"]
[Date "2008.09.13"]
[Round "2"]
[White "Bolduc, Steve"]
[Black "Fareh, Youness"]
[Result "1-0"]
[WhiteElo "2327"]
[BlackElo "2169"]
[PlyCount "43"]
[GameId "2160767910319719"]
[EventDate "2008.09.12"]
[EventType "swiss"]
[EventRounds "5"]
[EventCountry "CAN"]
[SourceTitle "FQE 04"]

1. d4 d5 2. c4 c6 3. Nc3 Nf6 4. Nf3 e6 5. Bg5 Nbd7 6. e3 Bb4 7. Bd3 Qa5 8. O-O Bxc3 9. bxc3 dxc4 10. Bxc4 Ne4 11. Bh4 Qxc3 12. Rc1 Qa3 13. Qc2 Nef6 14. e4 b5 15. Bxb5 O-O 16. Bxc6 Rb8 17. e5 Nd5 18. Ng5 g6 19. Bxd5 exd5 20. Qc6 Nb6 21. e6 Bxe6 22. Nxe6 1-0

[Event "Montreal op"]
[Site "Montreal CAN"]
[Date "2008.09.13"]
[Round "2"]
[White "Carrier, Claude"]
[Black "Ibrahim, Anthony"]
[Result "0-1"]
[WhiteElo "1957"]
[BlackElo "2167"]
[PlyCount "56"]
[GameId "2160767910319720"]
[EventDate "2008.09.12"]
[EventType "swiss"]
[EventRounds "5"]
[EventCountry "CAN"]
[SourceTitle "FQE 04"]

1. e4 c5 2. Nf3 Nc6 3. d4 cxd4 4. Nxd4 Nf6 5. Nc3 e5 6. Ndb5 d6 7. Bg5 a6 8. Na3 b5 9. Bxf6 gxf6 10. Nd5 Bg7 11. Bd3 Ne7 12. Nxe7 Qxe7 13. O-O O-O 14. c4 f5 15. exf5 e4 16. Qe2 Bxf5 17. cxb5 d5 18. Rab1 Qg5 19. Qe3 Qg6 20. Bc2 d4 21. Qg3 axb5 22. Qxg6 Bxg6 23. Nxb5 Rxa2 24. Bb3 Ra5 25. Bc4 Rb8 26. Nc7 Rc8 27. b4 Re5 28. Rbc1 Rxc7 0-1

[Event "Montreal op"]
[Site "Montreal CAN"]
[Date "2008.09.13"]
[Round "2"]
[White "Chabot, Roland"]
[Black "Fragniere, Thierry"]
[Result "1-0"]
[WhiteElo "2231"]
[BlackElo "2066"]
[PlyCount "71"]
[GameId "2160767910319721"]
[EventDate "2008.09.12"]
[EventType "swiss"]
[EventRounds "5"]
[EventCountry "CAN"]
[SourceTitle "FQE 04"]

1. d4 Nf6 2. c4 e5 3. dxe5 Ng4 4. Bf4 Bb4+ 5. Nd2 Nc6 6. Ngf3 Qe7 7. e3 Ngxe5 8. Nxe5 Nxe5 9. Be2 d6 10. O-O O-O 11. Nb3 b6 12. a3 Bc5 13. Nxc5 bxc5 14. b4 cxb4 15. axb4 Bb7 16. Qd4 a6 17. c5 Nc6 18. Qc3 d5 19. Bf3 Na7 20. Qe5 Qxe5 21. Bxe5 Nb5 22. Rfd1 Rfd8 23. Rd2 f6 24. Bb2 Kf7 25. h4 g6 26. g4 h6 27. Kg2 Ke6 28. g5 hxg5 29. hxg5 fxg5 30. Rh1 Kf7 31. Rh7+ Kf8 32. Kg3 a5 33. bxa5 Rxa5 34. Rd1 Raa8 35. Rdh1 g4 36. Rh8+ 1-0

[Event "Montreal op"]
[Site "Montreal CAN"]
[Date "2008.09.13"]
[Round "2"]
[White "Forget, Luc"]
[Black "Masse, Hugues"]
[Result "1-0"]
[WhiteElo "2117"]
[BlackElo "2241"]
[PlyCount "61"]
[GameId "2160767910319722"]
[EventDate "2008.09.12"]
[EventType "swiss"]
[EventRounds "5"]
[EventCountry "CAN"]
[SourceTitle "FQE 04"]

1. d4 Nf6 2. c4 g6 3. Nc3 d5 4. cxd5 Nxd5 5. Bd2 Bg7 6. e4 Nb6 7. Be3 O-O 8. Nf3 Bg4 9. Be2 Nc6 10. d5 Bxf3 11. gxf3 Ne5 12. Qb3 a5 13. a4 Kh8 14. Rd1 f5 15. f4 Ned7 16. h4 fxe4 17. h5 gxh5 18. Bxh5 Nf6 19. Bg6 Qd6 20. Nxe4 Nxe4 21. Rxh7+ Kg8 22. Bxe4 Nd7 23. Bd4 Nf6 24. Qg3 Rf7 25. Bg6 Raf8 26. Bxf7+ Rxf7 27. Rh6 Qb4+ 28. Bc3 Qe4+ 29. Kf1 Nxd5 30. Rg6 Nxf4 31. Rxg7+ 1-0

[Event "Montreal op"]
[Site "Montreal CAN"]
[Date "2008.09.13"]
[Round "2"]
[White "Houska, Jiri"]
[Black "Leutschaft, Martin"]
[Result "1/2-1/2"]
[WhiteElo "2250"]
[BlackElo "2098"]
[PlyCount "68"]
[GameId "2160767910319723"]
[EventDate "2008.09.12"]
[EventType "swiss"]
[EventRounds "5"]
[EventCountry "CAN"]
[SourceTitle "FQE 04"]

1. e4 e5 2. Nf3 Nf6 3. Nxe5 d6 4. Nf3 Nxe4 5. Nc3 Nxc3 6. dxc3 Be7 7. Bf4 Nc6 8. Qd2 Be6 9. O-O-O Qd7 10. Kb1 a6 11. Ng5 Bxg5 12. Bxg5 f6 13. Be3 Qf7 14. b3 O-O 15. f4 Ne7 16. Be2 a5 17. Bf3 a4 18. Kb2 Rfe8 19. Rhe1 c6 20. Qxd6 Nf5 21. Qc5 axb3 22. axb3 Qc7 23. g3 g6 24. Bf2 Bf7 25. Qb6 Qc8 26. Rxe8+ Bxe8 27. g4 Ne7 28. c4 Ra6 29. Rd8 Rxb6 30. Bxb6 Qe6 31. Rxe8+ Kf7 32. Rb8 Qd7 33. Rd8 Qe6 34. Rb8 Qd7 1/2-1/2

[Event "Montreal op"]
[Site "Montreal CAN"]
[Date "2008.09.13"]
[Round "2"]
[White "Lalumiere, Claude"]
[Black "Morin, Louis"]
[Result "0-1"]
[WhiteElo "1820"]
[BlackElo "1930"]
[PlyCount "130"]
[GameId "2160767910319724"]
[EventDate "2008.09.12"]
[EventType "swiss"]
[EventRounds "5"]
[EventCountry "CAN"]

1. e4 e5 2. f4 exf4 3. Nf3 h6 4. Bc4 d6 5. d4 g5 6. O-O Bg7 7. c3 Ne7 8. Bb3 O-O 9. Qd3 c6 10. Nbd2 Nd7 11. a4 Nf6 12. h4 g4 13. Nh2 Nh5 14. Bd1 f5 15. Re1 Ng6 16. Ndf1 Qxh4 17. Bd2 fxe4 18. Qxe4 Bf5 19. Qe2 Ng3 20. Qf2 Nxf1 21. Qxh4 Nxh4 22. Rxf1 g3 23. Nf3 Ng6 24. Ne1 Rae8 25. Bh5 Kh7 26. Bxf4 Nxf4 27. Bxe8 Ne2+ 28. Kh1 Rxe8 29. Rxf5 Kg6 30. Rf1 Re4 31. Nf3 Bf6 32. Rae1 Bg5 33. Rd1 Be3 34. Rde1 Bf2 35. Rd1 Kh5 36. Rd2 Kg4 37. Rc2 Kf4 38. Rd2 Ke3 39. Rfd1 Rf4 40. Rd3+ Ke4 41. R3d2 Rxf3 42. Rxe2+ Re3 43. Rdd2 Rxe2 44. Rxe2+ Be3 45. Re1 Kd3 46. Rf1 Bf2 47. d5 c5 48. a5 c4 49. a6 b6 50. Ra1 Kc2 51. Ra4 Kxb2 52. Rxc4 Bc5 53. Rg4 Kxc3 54. Rc4+ Kd3 55. Rc3+ Ke4 56. Rd3 Bd4 57. Rxg3 Kxd5 58. Rh3 b5 59. Rxh6 b4 60. g4 b3 61. Rh3 Kc4 62. Kg2 b2 63. Rh1 Kc3 64. Kf3 Kc2 65. Ke4 Be5 0-1

[Event "Montreal op"]
[Site "Montreal CAN"]
[Date "2008.09.13"]
[Round "2"]
[White "Le Duin, Thierry"]
[Black "Larochelle, Martial"]
[Result "0-1"]
[WhiteElo "2013"]
[BlackElo "2189"]
[PlyCount "44"]
[GameId "2160767910319725"]
[EventDate "2008.09.12"]
[EventType "swiss"]
[EventRounds "5"]
[EventCountry "CAN"]
[SourceTitle "FQE 04"]

1. d4 Nf6 2. Nf3 g6 3. Bg5 Bg7 4. e3 O-O 5. Nbd2 d6 6. Bc4 Nbd7 7. O-O Qe8 8. c3 e5 9. a3 b6 10. Rc1 Bb7 11. Re1 e4 12. Nh4 d5 13. Be2 h6 14. Bxf6 Bxf6 15. g3 Bxh4 16. gxh4 Qe7 17. h5 Qh4 18. f4 gxh5 19. Bxh5 Nf6 20. Be2 Kh8 21. Kh1 Rg8 22. Nf1 Qh3 0-1

[Event "Montreal op"]
[Site "Montreal CAN"]
[Date "2008.09.13"]
[Round "2"]
[White "Rainfray, Arnaud"]
[Black "Ramaswamy, Kishor"]
[Result "1-0"]
[WhiteElo "2388"]
[BlackElo "2179"]
[PlyCount "47"]
[GameId "2160767910319728"]
[EventDate "2008.09.12"]
[EventType "swiss"]
[EventRounds "5"]
[EventCountry "CAN"]
[SourceTitle "FQE 04"]

1. e4 c6 2. d4 d5 3. exd5 cxd5 4. c4 Nf6 5. Nc3 e6 6. Nf3 Bb4 7. Bd3 Nc6 8. O-O dxc4 9. Bxc4 O-O 10. Qd3 b6 11. a3 Be7 12. Re1 Bb7 13. Ba2 Rc8 14. Bf4 Qd7 15. Rad1 Rfd8 16. Bg5 Nb8 17. Ne5 Qe8 18. Nxf7 Qc6 19. d5 Kxf7 20. Rxe6 Qd7 21. d6 Qxe6 22. Bxe6+ Kxe6 23. Qe3+ Kf7 24. Qxe7+ 1-0

[Event "Montreal op"]
[Site "Montreal CAN"]
[Date "2008.09.13"]
[Round "3"]
[White "Chabot, Roland"]
[Black "Bolduc, Steve"]
[Result "1-0"]
[WhiteElo "2231"]
[BlackElo "2327"]
[PlyCount "83"]
[GameId "2160767910319729"]
[EventDate "2008.09.12"]
[EventType "swiss"]
[EventRounds "5"]
[EventCountry "CAN"]
[SourceTitle "FQE 04"]

1. d4 d5 2. c4 dxc4 3. e4 e5 4. Nf3 exd4 5. Bxc4 Nc6 6. O-O Be6 7. Bxe6 fxe6 8. Qb3 Qd7 9. Qxb7 Rb8 10. Qa6 Nf6 11. Nbd2 Bb4 12. Qd3 O-O 13. Nc4 Bc5 14. a3 e5 15. b4 Bd6 16. Bd2 Rbe8 17. Rac1 Kh8 18. Rc2 Nd8 19. Ne1 Qg4 20. f3 Qg6 21. Qe2 Ne6 22. Nd3 Ng5 23. Bxg5 Qxg5 24. Qd2 Qg6 25. Qe2 h5 26. Nf2 Nd7 27. Nxd6 cxd6 28. Rc7 Nb6 29. Rfc1 Na4 30. Nd1 Qg5 31. R1c6 d5 32. h3 dxe4 33. Qxe4 Nc3 34. Nxc3 dxc3 35. Rg6 Qc1+ 36. Kh2 Qf4+ 37. Qxf4 Rxf4 38. Rgxg7 c2 39. Rh7+ Kg8 40. Rxa7 Re7 41. Rhxe7 c1=Q 42. Rec7 1-0

[Event "Montreal op"]
[Site "Montreal CAN"]
[Date "2008.09.13"]
[Round "3"]
[White "Ibrahim, Anthony"]
[Black "Leutschaft, Martin"]
[Result "1/2-1/2"]
[WhiteElo "2167"]
[BlackElo "2098"]
[PlyCount "124"]
[GameId "2160767910319731"]
[EventDate "2008.09.12"]
[EventType "swiss"]
[EventRounds "5"]
[EventCountry "CAN"]
[SourceTitle "FQE 04"]

1. d4 d5 2. Nc3 Bf5 3. f3 e6 4. e4 Bg6 5. Be3 Bb4 6. Bd3 dxe4 7. fxe4 Bxc3+ 8. bxc3 Bxe4 9. Nf3 Bxd3 10. Qxd3 c6 11. O-O Nd7 12. Bf4 Ngf6 13. Bd6 Nb6 14. Ba3 Qc7 15. c4 O-O-O 16. Bb4 Nbd7 17. Qa3 Nb6 18. Qb3 Nbd7 19. Rab1 c5 20. Ba3 b6 21. Qb5 Ne4 22. Rfe1 Nd6 23. Qa6+ Kb8 24. Kh1 h6 25. d5 exd5 26. cxd5 Rhe8 27. Bb2 f6 28. c4 Nf8 29. a4 Qb7 30. Qxb7+ Kxb7 31. Nd2 Rxe1+ 32. Rxe1 Re8 33. Rxe8 Nxe8 34. Bc3 Nd6 35. Kg1 Nd7 36. Kf2 Ne5 37. Bxe5 fxe5 38. Ke3 Kc7 39. Kd3 a6 40. Nb3 e4+ 41. Kc3 e3 42. Nc1 h5 43. Ne2 Nf7 44. Nf4 g5 45. Nxh5 Ne5 46. Ng3 b5 47. axb5 axb5 48. cxb5 Kb6 49. Ne4 g4 50. d6 c4 51. Ng3 Kxb5 52. Kd4 Nd7 53. Kxe3 Kb4 54. Ne2 Kc5 55. Kf4 Kxd6 56. Kxg4 Ke5 57. Kf3 Nc5 58. Ke3 Ne6 59. Kd2 Ke4 60. Kc3 Ke3 61. Kxc4 Kxe2 62. g3 Kf3 1/2-1/2

[Event "Montreal op"]
[Site "Montreal CAN"]
[Date "2008.09.13"]
[Round "3"]
[White "Jiang, Louie"]
[Black "Barbeau, Sylvain"]
[Result "1/2-1/2"]
[WhiteElo "2162"]
[BlackElo "2364"]
[PlyCount "70"]
[GameId "2160767910319732"]
[EventDate "2008.09.12"]
[EventType "swiss"]
[EventRounds "5"]
[EventCountry "CAN"]
[SourceTitle "FQE 04"]

1. e4 e5 2. Nf3 Nc6 3. Bb5 a6 4. Ba4 d6 5. d4 b5 6. Bb3 Nxd4 7. Nxd4 exd4 8. Bd5 Rb8 9. Qxd4 Nf6 10. O-O Be7 11. c3 O-O 12. Bf4 Nxd5 13. exd5 Bf5 14. Na3 a5 15. Qd2 Qc8 16. Rac1 Bf6 17. c4 bxc4 18. Nxc4 Qa6 19. Qxa5 Qxa5 20. Nxa5 Rxb2 21. Rxc7 Bd8 22. Rb7 Rxa2 23. Nc6 Bd3 24. Rc1 Bf6 25. Bxd6 Rfa8 26. Nb4 R2a3 27. Nxd3 Rxd3 28. Rb5 Rd8 29. Bc7 R8xd5 30. Rb8+ Bd8 31. h3 h5 32. g4 hxg4 33. hxg4 Kh7 34. Bxd8 Rxd8 35. Rxd8 Rxd8 1/2-1/2

[Event "Montreal op"]
[Site "Montreal CAN"]
[Date "2008.09.13"]
[Round "3"]
[White "Larochelle, Martial"]
[Black "Girouard, Michel"]
[Result "1-0"]
[WhiteElo "2189"]
[BlackElo "1859"]
[PlyCount "53"]
[GameId "2160767910319734"]
[EventDate "2008.09.12"]
[EventType "swiss"]
[EventRounds "5"]
[EventCountry "CAN"]
[SourceTitle "FQE 04"]

1. c4 c5 2. Nf3 Nc6 3. d4 cxd4 4. Nxd4 g6 5. e4 Bg7 6. Be3 Nf6 7. Nc3 O-O 8. Be2 d6 9. O-O Nd7 10. Rc1 a5 11. b3 Nxd4 12. Bxd4 Nc5 13. Bxg7 Kxg7 14. Qd4+ Kg8 15. f4 b6 16. f5 Bb7 17. f6 exf6 18. Rxf6 Ne6 19. Qf2 Kg7 20. Rf1 Qe7 21. Qxb6 Rac8 22. Qe3 Nc5 23. Qd4 Qe5 24. Rxd6 Rfe8 25. Bf3 Bxe4 26. Nxe4 Nxe4 27. Bxe4 1-0

[Event "Montreal op"]
[Site "Montreal CAN"]
[Date "2008.09.13"]
[Round "3"]
[White "Masse, Hugues"]
[Black "Libersan, Thierry"]
[Result "1-0"]
[WhiteElo "2241"]
[BlackElo "2048"]
[PlyCount "57"]
[GameId "2160767910319735"]
[EventDate "2008.09.12"]
[EventType "swiss"]
[EventRounds "5"]
[EventCountry "CAN"]
[SourceTitle "FQE 04"]

1. d4 Nf6 2. c4 c5 3. d5 e6 4. Nc3 exd5 5. cxd5 d6 6. e4 a6 7. a4 g6 8. Bd3 Bg7 9. h3 O-O 10. Nf3 Re8 11. O-O Nbd7 12. Re1 b6 13. Bf4 Qc7 14. Qd2 Bb7 15. Rad1 Rad8 16. Bc4 Nh5 17. Bh2 Ne5 18. Be2 Nxf3+ 19. Bxf3 Nf6 20. e5 dxe5 21. d6 Qb8 22. Bxb7 Qxb7 23. Rxe5 Rxe5 24. Bxe5 Ne4 25. Nxe4 Bxe5 26. Qg5 f6 27. Nxf6+ Bxf6 28. Qxf6 Rf8 29. Qxf8+ 1-0

[Event "Montreal op"]
[Site "Montreal CAN"]
[Date "2008.09.13"]
[Round "3"]
[White "Morin, Louis"]
[Black "Levkovsky, Alexandre"]
[Result "0-1"]
[WhiteElo "1930"]
[BlackElo "2169"]
[PlyCount "132"]
[GameId "2160767910319736"]
[EventDate "2008.09.12"]
[EventType "swiss"]
[EventRounds "5"]
[EventCountry "CAN"]

1. e4 e5 2. Nf3 Nc6 3. Bb5 a6 4. Bxc6 bxc6 5. Nxe5 Qe7 6. d4 f6 7. Nf3 Qxe4+ 8. Be3 d5 9. Nc3 Bb4 10. O-O Bxc3 11. bxc3 Bg4 12. Nd2 Qe6 13. Qb1 Ne7 14. Qb7 O-O 15. Qxc7 Rac8 16. Qa5 f5 17. Rfe1 Qf6 18. Bf4 g5 19. Qc5 Ng6 20. Bd6 Rfe8 21. Rxe8+ Rxe8 22. Qxc6 Qe6 23. Qc5 f4 24. Be5 Nxe5 25. dxe5 Qxe5 26. f3 Rc8 27. Qf2 Bf5 28. Nb3 Rxc3 29. Qd4 Qe3+ 30. Qxe3 fxe3 31. Nd4 Bxc2 32. Rc1 Rc4 33. Rxc2 Rxd4 34. Kf1 Ra4 35. Ke2 Ra3 36. g3 d4 37. Rb2 Kf7 38. f4 gxf4 39. gxf4 Ke6 40. Kf3 Kf5 41. Rb4 e2+ 42. Kxe2 Ke4 43. f5 Rxa2+ 44. Kf1 Ra5 45. Rb6 Rxf5+ 46. Ke2 d3+ 47. Kd2 Rf2+ 48. Kd1 Rxh2 49. Rxa6 h5 50. Re6+ Kd5 51. Re8 h4 52. Rd8+ Ke4 53. Re8+ Kf4 54. Rd8 d2 55. Rd4+ Ke3 56. Rd3+ Ke4 57. Rd8 Rf2 58. Rh8 Ke3 59. Re8+ Kf3 60. Rf8+ Kg3 61. Rg8+ Kh2 62. Rh8 h3 63. Rh7 Kg2 64. Rg7+ Kf1 65. Rh7 h2 66. Rh8 Kg1 0-1

[Event "Montreal op"]
[Site "Montreal CAN"]
[Date "2008.09.13"]
[Round "3"]
[White "Ramaswamy, Kishor"]
[Black "Popov, Radostin"]
[Result "1-0"]
[WhiteElo "2179"]
[BlackElo "1960"]
[PlyCount "69"]
[GameId "2160767910319737"]
[EventDate "2008.09.12"]
[EventType "swiss"]
[EventRounds "5"]
[EventCountry "CAN"]
[SourceTitle "FQE 04"]

1. d4 Nf6 2. Nf3 g6 3. Bg5 Bg7 4. Nbd2 d6 5. c3 c5 6. e4 h6 7. Bh4 g5 8. Bg3 Nh5 9. dxc5 Nxg3 10. hxg3 dxc5 11. Bc4 Nc6 12. Qe2 Qc7 13. O-O-O a6 14. Nxg5 e6 15. Ngf3 b5 16. Bd3 c4 17. Bb1 Bd7 18. Qe3 a5 19. Rh5 Rb8 20. e5 Ne7 21. Ne4 Nd5 22. Qc5 Qxc5 23. Nxc5 Bc6 24. Nd4 Ba8 25. Be4 Ke7 26. Bxd5 Bxd5 27. Nf5+ exf5 28. Rxd5 Rhd8 29. Rxd8 Rxd8 30. f4 Rd5 31. Nb7 f6 32. Nd6 fxe5 33. Nxf5+ Kf6 34. fxe5+ Kf7 35. e6+ 1-0